Memorandum on eleventh report of the Union Public Service Commission (Record no. 503542)

000 -LEADER
fixed length control field 00334cam a22000977a 4500
008 - FIXED-LENGTH DATA ELEMENTS--GENERAL INFORMATION
fixed length control field 180718b1961 xxu||||| |||| 00| 0 eng d
082 ## - DEWEY DECIMAL CLASSIFICATION NUMBER
Classification number A45:K12 1960-61m
245 ## - TITLE STATEMENT
Title Memorandum on eleventh report of the Union Public Service Commission
Statement of responsibility, etc. by Ministry of Home Affairs
260 ## - PUBLICATION, DISTRIBUTION, ETC.
Place of publication, distribution, etc. New Delhi
Name of publisher, distributor, etc. Ministry of Home Affairs
Date of publication, distribution, etc. 1961
300 ## - PHYSICAL DESCRIPTION
Extent 8p.
Holdings
Withdrawn status Lost status Damaged status Not for loan Permanent Location Current Location Date acquired Full call number Barcode Date last seen Price effective from Koha item type
        Indian Institute of Public Administration Indian Institute of Public Administration 2018-08-04 A45:K12 1960-61m GG934 2018-08-04 2018-08-04 GG

Powered by Koha